Desarrollo de los programas de control para la conexión de una llamada interna en una central telefónica digital privada tipo PABX

Gespeichert in:
Bibliographische Detailangaben
1. Verfasser: Forn Moraga, Francisco
Format: Buch
Veröffentlicht: San José, Costa Rica 1991
Schlagworte:
Tags: Tag hinzufügen
Keine Tags, Fügen Sie den ersten Tag hinzu!

MARC

LEADER 00000nam a2200000Ia 4500
003 005154
005 20221231144328.0
008 140114s1991 cr a m 000 ||s d
040 |c cru CEDI 
090 |a TFG 2456 
100 |a Forn Moraga, Francisco  |9 12765 
245 |a Desarrollo de los programas de control para la conexión de una llamada interna en una central telefónica digital privada tipo PABX 
260 |c 1991  |a San José, Costa Rica 
300 |a  x, 143 hojas : ilustraciones ; 28 cm  
500 |a  Proyecto de graduación (licenciatura en ingeniería eléctrica)--Universidad de Costa Rica. Facultad de Ingeniería. Escuela de Ingeniería Eléctrica 
650 |x CENTRALES TELEFONICAS   |x INVESTIGACIONES  |9 12766 
942 |c TFG 
999 |c 20237  |d 20237